000 00424nam a2200181Ia 4500
001 15494
005 20260306170200.0
008 260306t2014||||xx |||||||||||||| ||und||
041 _aESP
082 _a541.3
_bL54
100 _aLevine, Ira N.
_eAUT
245 0 _aPrincipios de fisicoquímica
260 _c2014
300 _axv, 571 páginas :
_c27 cm.
650 _aGEN
654 _aCCN
942 _cLIB
_dJUS
_fJUS
_2ddc
_n
999 _c15494
_d15494